000 01167nam2a22002291 4500
001 rc\1021452
005 20250622110709.0
035 _a(NLR Aleph) 006256344
090 _a6802927
_c6802927
100 _a20041129d1987 |||y0rusy50 ca
101 0 _arus
102 _aRU
105 _ay |||||||||
200 1 _aПо состоянию на 01.01.87
_f[Составитель Д.К. Ермолина]
210 _d1987
_aБ. м.
215 _a63 с.
461 0 _1001rc\637043
_12001#$aОрганизационно-методические документы по стандартизации, управлению качеством и метрологии$eУказатель$fГос. ком. СССР по стандартам$v[1987]
_96766465
_cМ.
_d1986
_fГос. ком. СССР по стандартам
_nИзд-во стандартов
_oУказатель
_tОрганизационно-методические документы по стандартизации, управлению качеством и метрологии
_v[1987]
801 0 _aRU
_bNLR
_gpsbo
801 1 _aRU
_bELAR
_2rusmarc
852 _aNLR
_bПт
_j10.1/955
942 _cBOOK
980 _aNB